Avukatlık mı dediniz? : (Record no. 200434939)
[ view plain ]
| 000 -LEADER | |
|---|---|
| fixed length control field | 00776nam a2200253 i 4500 |
| 003 - CONTROL NUMBER IDENTIFIER | |
| control field | TR-AnTOB |
| 005 - DATE AND TIME OF LATEST TRANSACTION | |
| control field | 20190408222200.0 |
| 008 - FIXED-LENGTH DATA ELEMENTS--GENERAL INFORMATION | |
| fixed length control field | 190116s2006 xxu g 00| 0 tur d |
| 040 ## - CATALOGING SOURCE | |
| Original cataloging agency | TR-AnTOB |
| Language of cataloging | eng |
| Description conventions | rda |
| Transcribing agency | TR-AnTOB |
| 041 ## - LANGUAGE CODE | |
| Language code of text/sound track or separate title | Türkçe |
| 050 1# - LIBRARY OF CONGRESS CALL NUMBER | |
| Classification number | KKX110 |
| 090 ## - LOCALLY ASSIGNED LC-TYPE CALL NUMBER (OCLC); LOCAL CALL NUMBER (RLIN) | |
| Classification number (OCLC) (R) ; Classification number, CALL (RLIN) (NR) | KKX110 |
| Local cutter number (OCLC) ; Book number/undivided call number, CALL (RLIN) | K37 2006 |
| 100 1# - MAIN ENTRY--PERSONAL NAME | |
| Personal name | Karabekir, Ahmet Rıdvan |
| Relator term | author |
| 9 (RLIN) | 123489 |
| 245 10 - TITLE STATEMENT | |
| Title | Avukatlık mı dediniz? : |
| Remainder of title | anılar / |
| Statement of responsibility, etc. | Av. Ahmet Rıdvan Karabekir. |
| 246 30 - VARYING FORM OF TITLE | |
| Title proper/short title | Avukatlık |
| 264 #3 - PRODUCTION, PUBLICATION, DISTRIBUTION, MANUFACTURE, AND COPYRIGHT NOTICE | |
| Place of production, publication, distribution, manufacture | İstanbul : |
| Name of producer, publisher, distributor, manufacturer | Tatlıdil Matbaacılık, |
| Date of production, publication, distribution, manufacture, or copyright notice | [2006]. |
| 300 ## - PHYSICAL DESCRIPTION | |
| Extent | 286 pages ; |
| Dimensions | 24 cm |
| 336 ## - CONTENT TYPE | |
| Source | rdacontent |
| Content type term | text |
| Content type code | txt |
| 337 ## - MEDIA TYPE | |
| Source | rdamedia |
| Media type term | unmediated |
| Media type code | n |
| 338 ## - CARRIER TYPE | |
| Source | rdacarrier |
| Carrier type term | volume |
| Carrier type code | nc |
| 590 ## - LOCAL NOTE (RLIN) | |
| Local note | "Donated by Jale Karabekir" |
| 942 ## - ADDED ENTRY ELEMENTS (KOHA) | |
| Source of classification or shelving scheme | Library of Congress Classification |
| Koha item type | Book |
| Withdrawn status | Lost status | Source of classification or shelving scheme | Damaged status | Not for loan | Collection code | Home library | Current library | Shelving location | Date acquired | Source of acquisition | Inventory number | Total Checkouts | Full call number | Barcode | Date last seen | Date shelved | Koha item type | Public note |
|---|---|---|---|---|---|---|---|---|---|---|---|---|---|---|---|---|---|---|
| Library of Congress Classification | Yeni / New | Ödünç Verilebilir / Available | Genel Koleksiyon | Merkez Kütüphane | Merkez Kütüphane | Genel Koleksiyon / Main Collection | 05/12/2018 | Bağış / Donation | HUK | KKX110 .K37 2006 | 0059026 | 29/01/2019 | 01/02/2019 | Book | Donated by Jale Karabekir |
